<?xml version="1.0" encoding="UTF-8"?>
<record
    xmlns:xsi="http://www.w3.org/2001/XMLSchema-instance"
    xsi:schemaLocation="http://www.loc.gov/MARC21/slim http://www.loc.gov/standards/marcxml/schema/MARC21slim.xsd"
    xmlns="http://www.loc.gov/MARC21/slim">

  <leader>00713nam a2200205   4500</leader>
  <datafield tag="952" ind1=" " ind2=" ">
    <subfield code="a">0001</subfield>
    <subfield code="b">0001</subfield>
    <subfield code="d">2020-12-22</subfield>
    <subfield code="l">0</subfield>
    <subfield code="o">956.1023 B29m 1985</subfield>
    <subfield code="p">007155</subfield>
    <subfield code="r">2020-12-22 00:00:00</subfield>
    <subfield code="w">2020-12-22</subfield>
    <subfield code="x">Emine Ba&#x15F;ak Alkan Ba&#x11F;&#x131;&#x15F;&#x131;d&#x131;r.</subfield>
    <subfield code="y">BKS</subfield>
  </datafield>
  <datafield tag="999" ind1=" " ind2=" ">
    <subfield code="c">14304</subfield>
    <subfield code="d">14304</subfield>
  </datafield>
  <controlfield tag="003">MIRAKIL</controlfield>
  <controlfield tag="005">20201222123212.0</controlfield>
  <controlfield tag="008">201222b        tu ||||| |||| 00| 0 tur d</controlfield>
  <datafield tag="040" ind1=" " ind2=" ">
    <subfield code="a">TR-AnCHP</subfield>
    <subfield code="c">TR-AnCHP</subfield>
  </datafield>
  <datafield tag="041" ind1=" " ind2=" ">
    <subfield code="a">TUR</subfield>
  </datafield>
  <datafield tag="082" ind1=" " ind2=" ">
    <subfield code="a">956.1023</subfield>
    <subfield code="b">B29m 1985</subfield>
  </datafield>
  <datafield tag="100" ind1=" " ind2=" ">
    <subfield code="a">Baykara, Tuncer</subfield>
  </datafield>
  <datafield tag="245" ind1="1" ind2="0">
    <subfield code="a">Mill&#xEE; m&#xFC;c&#xE2;dele 1918-1923 / </subfield>
    <subfield code="c">Tuncer Baykara.</subfield>
  </datafield>
  <datafield tag="260" ind1=" " ind2=" ">
    <subfield code="a">Ankara:</subfield>
    <subfield code="b">K&#xFC;lt&#xFC;r ve Turizm Bakanl&#x131;&#x11F;&#x131;,</subfield>
    <subfield code="c">1985.</subfield>
  </datafield>
  <datafield tag="300" ind1=" " ind2=" ">
    <subfield code="a">110 s.:</subfield>
    <subfield code="b">fotg.,hrt.;</subfield>
    <subfield code="c">19 sm.</subfield>
  </datafield>
  <datafield tag="490" ind1="0" ind2=" ">
    <subfield code="a">K&#xFC;lt&#xFC;r ve Turizm Bakanl&#x131;&#x11F;&#x131; yay&#x131;nlar&#x131; ;</subfield>
    <subfield code="a">Gen&#xE7;lik ve halk kitaplar&#x131; dizisi ;</subfield>
    <subfield code="v">623.</subfield>
    <subfield code="v">6.</subfield>
  </datafield>
  <datafield tag="650" ind1=" " ind2="0">
    <subfield code="9">710</subfield>
    <subfield code="a">Osmanl&#x131; &#x130;mparatorlu&#x11F;u</subfield>
    <subfield code="x">Tarih</subfield>
    <subfield code="y">1918-1923</subfield>
  </datafield>
  <datafield tag="650" ind1=" " ind2="0">
    <subfield code="9">6033</subfield>
    <subfield code="a">Milli m&#xFC;cadele </subfield>
    <subfield code="x">T&#xFC;rkiye</subfield>
    <subfield code="y">1918-1923</subfield>
  </datafield>
  <datafield tag="942" ind1=" " ind2=" ">
    <subfield code="2">ddc</subfield>
    <subfield code="c">BKS</subfield>
  </datafield>
</record>
